01241cam a2200253 a 450000100100000000500170001000800410002702000150006804000250008310000280010824501840013626000370032030000400035754601170039750000250051450400720053965000600061160000380067165000790070965000360078870000380082495201100086299900150097200000130920200929145534.0030115s1999 sz a b 001 0 ger d a3908541107 aDO-SdBNPbspacBNPHU1 aGerster, Lorenzo.9442510aZur Architektur der sogenannten Mitte :bBauen im Zwiespalt mit der Tradition und im Zwiespalt mit der Moderne vor allem aber nich im Zwiespalt mit der Politik /cLorenzo Gerster. aZurich :bTontafelverlag,c1999. a2 v. (ix, 724 p.) :bill. ;c35 cm. aSummary also in French, Italian, Raeto-Romance, English, Spanish, Russian, Arabic, Japanese, Chinese, and Greek. aVol. 2: chiefly ill. aIncludes bibliographical references (v. 2, p. 701-724) and indexes. 0aArchitecturezSwitzerlandxHistoryy20th century.9442610aGerster, Alban,d1898-1986.94427 0aArchitecturezSwitzerlandxHistoryy20th centuryvDesigns and plans.94428 0aArchitecture and society.944291 aGerster, Alban,d1898-1986.94427 001052708MOaGRbGRcHDd2009-09-04iLF1l0o p1309-10r2020-06-25w2020-06-25y2ZPréstamo interno c1246d1246